000 02071cam a22004214i 4500
003 PE-LiUPU
005 20250731183443.0
008 150706s2009 r 000 0 d
020 _a9789587162929
035 _a(Sirsi) i9789587162929
040 _aPE-LiUPU
_bspa
_cPE-LiUPU
_erda
049 _aPRUA
082 0 4 _a720.9861
_bP2
_221
245 0 0 _aPasados presentes :
_bla vivienda en Colombia /
_ccoordinación general, Alberto Saldarriaga Roa ; Gonzalo Peláez Caldas .[el al.].
264 1 _aBogotá :
_bEditorial Pontificia Universidad Javeriana,
_c2009.
300 _a165 páginas :
_bilustraciones ;
_c33 cm.
336 _atext
_2rdacontent
337 _aunmediated
_2rdamedia
338 _avolume
_2rdacarrier
490 0 _aOpera eximia
504 _aIncluye bibliografía.
505 0 _aIdeas e historia -- La vivienda y el sentido de habitar -- Poblamiento, cultura y formas de habitación -- Lo indígena -- La vivienda en la época prehispánica -- Pueblos, casas y templos contemporáneos de la Colombia aborigen -- La herencia de lo indígena -- La vivienda en el periodo colonial -- La herencia colonial -- La vivienda entre la independencia y el inicio del siglo XX -- Las herencias republicanas -- La vivienda en el umbral de la modernización.
526 _aP158
526 _aP146
526 _aP17
526 _aP12
526 _aP06
541 _g000006010;
650 1 4 _aArquitectura doméstica
_zColombia
_xHistoria.
700 1 _aSaldarriaga Roa, Alberto,
_eed.
700 1 _aPeláez Caldas, Gonzalo,
_eed.
910 _agl
_clch
_d20130807
942 _2ddc
_cBOOK
949 _a720.9861 P2
_wDEWEY
_c1
_i67906
_lCCODEBUL1
_mBUL
_p50.00
_r0
_sY
_tBOOK
_u2015-7-6
_xINGENIERIA
_PP06
_o.STAFF. Colección General
994 _aC0
_bPEPRU
596 _a1
999 _a720.9861 P2
_wDEWEY
_c55416
_i67906
_f2021-11-9
_g7
_lCCODEBUL1
_mBUL
_p50.00
_r0
_sY
_tBOOK
_u2015-7-6
_xINGENIERIA
_PP06
_0COMPRA
_o.STAFF. Colección Ingenieria y Arquitectura
_d55416
980 _81
_gALBERTO SANCHEZ Responsable de Automatización